000 00493nam a22001815i 4500
001 98687
003 ES-MaACL
005 20230906182340.0
007 t|
008 950921s1880 fr ||||1| fre d
040 _aCAM
_bspa
_cCAM
100 1 _aEnault, Etienne.
_947169
245 1 2 _aL'homme de minuit /
_cpar Etienne Enault et Louis Judicis.
260 _aParis :
_bE. Dentu,
_c1880.
300 _a[4], 316 p. ;
_c17 cm.
700 1 _aJudicis, Louis.
_967191
852 _aES-MaACL
_jD-2956
999 _c98687
_d98687